[Event "Ann Arbbr (Mini-Swiss/1/3)"]
[Site "?"]
[Date "1995.??.??"]
[Round "?"]
[White "Santiago, Reynaldo"]
[Black "Scioly, Tony"]
[Result "1-0"]
[WhiteElo "1965"]
[BlackElo "1605"]
[PlyCount "63"]
[EventDate "1995.??.??"]

{1/(3)} 1. e4 c5 2. Nc3 d6 3. g3 Nf6 4. Bg2 Nc6 5. d3 g6 6. f4 Bg7 7. Nf3 O-O
8. O-O Rb8 9. h3 b5 10. Nh4 Bb7 11. Nxb5 Qb6 12. c4 a6 13. Nc3 Nd4 14. Rb1 e6
15. Kh2 Qc7 16. Be3 Nh5 17. g4 Nf6 18. Bxd4 cxd4 19. Ne2 Qe7 20. Nf3 e5 21. f5
gxf5 22. gxf5 Nh5 23. Qd2 Qf6 24. Qg5 Qxg5 25. Nxg5 Bh6 26. h4 Kh8 27. Bf3 Nf4
28. Nxf4 exf4 29. Bh5 Bxg5 30. hxg5 Rg8 31. Rg1 Rg7 32. f6 1-0

[Event "Ann Arbor (HVA/3/4)"]
[Site "?"]
[Date "1995.??.??"]
[Round "?"]
[White "Santiago, Reynaldo"]
[Black "Lindsey, P."]
[Result "1-0"]
[WhiteElo "1965"]
[BlackElo "1605"]
[PlyCount "49"]
[EventDate "1995.??.??"]

{3/(4)} 1. e4 c5 2. Nf3 e6 3. d4 cxd4 4. Nxd4 a6 5. Bd3 Bc5 6. Nb3 Ba7 7. O-O
Nc6 8. Kh1 Bb8 9. f4 e5 10. f5 d5 11. exd5 Qxd5 12. Nc3 Qd8 13. Qg4 g6 14. Bg5
f6 15. Be3 Nge7 16. Rad1 Qc7 17. Ne4 Nd5 18. Bh6 Nce7 19. Ng3 b5 20. Be4 Nf4
21. Bxa8 Nxf5 22. Bxf4 Nh6 23. Qh4 Ng4 24. Bxe5 fxe5 25. Bc6+ 1-0

[Event "Ann Arbor (HVA/4/2)"]
[Site "?"]
[Date "1995.??.??"]
[Round "?"]
[White "Santiago, Reynaldo"]
[Black "Hartwig, Thomas"]
[Result "1/2-1/2"]
[WhiteElo "1965"]
[BlackElo "1720"]
[PlyCount "81"]
[EventDate "1995.??.??"]

{4/(2)} 1. e4 c5 2. Nf3 Nc6 3. d4 cxd4 4. Nxd4 e6 5. Nb5 d6 6. Bf4 e5 7. Be3 a6
8. N5c3 Nf6 9. Bg5 Be7 10. Bxf6 Bxf6 11. Nd5 O-O 12. a4 Be6 13. Nbc3 Be7 14.
Bd3 Rc8 15. O-O Nd4 16. Kh1 f5 17. f4 fxe4 18. Bxe4 Bf5 19. Qd3 Bxe4 20. Qxe4
Bf6 21. Nxf6+ Qxf6 22. Nd5 Qe6 23. c3 Nb3 24. f5 Qf7 25. Rad1 Nc5 26. Qg4 Rce8
27. f6 g6 28. Rf3 Qe6 29. Qg5 Ne4 30. Qh6 Nxf6 31. Nc7 Qb3 32. Rxd6 Rd8 33. Qd2
Ne4 34. Rxd8 Nxd2 35. Rdxf8+ Kg7 36. Ne8+ Kh6 37. Rh3+ Kg5 38. Rg3+ Kh6 39.
Rh3+ Kg5 40. Rg3+ Kh6 41. Rh3+ 1/2-1/2

[Event "Ann Arbor (HVA/1/2)"]
[Site "?"]
[Date "1995.??.??"]
[Round "?"]
[White "Santiago, Reynaldo"]
[Black "Aldrich, Justin"]
[Result "1-0"]
[WhiteElo "1965"]
[BlackElo "1605"]
[PlyCount "155"]
[EventDate "1995.??.??"]

{1/(2)} 1. e4 e5 2. Nf3 d6 3. d4 exd4 4. Nxd4 Nf6 5. Nc3 Bd7 6. Bc4 Nc6 7. O-O
Ne5 8. Bb3 Be7 9. f4 Nc6 10. Nf3 Bg4 11. Be3 O-O 12. h3 Be6 13. Qe2 Bxb3 14.
axb3 Nd7 15. Qb5 Qc8 16. Nd4 Nxd4 17. Bxd4 a6 18. Qh5 Nf6 19. Qg5 h6 20. Qg3
Nh5 21. Qf3 Nf6 22. f5 Qd7 23. e5 dxe5 24. Bxe5 Qc8 25. Qg3 Nh5 26. Qg4 Nf6 27.
Bxf6 Bxf6 28. Nd5 Qd8 29. Rad1 Qd6 30. Kh1 Rad8 31. Nf4 Qc6 32. Nh5 Rd6 33.
Rxd6 Qxd6 34. Nxg7 Kh8 35. Nh5 Rg8 36. Qf3 c6 37. Rd1 Qe7 38. Nxf6 Qxf6 39. Qc3
Qxc3 40. bxc3 Rb8 41. Kg1 Kg7 42. Rd6 a5 43. Kf2 c5 44. Rd5 b6 45. Rd6 Rb7 46.
Kf3 b5 47. Ra6 c4 48. Rxa5 cxb3 49. cxb3 Rc7 50. Rxb5 Rxc3+ 51. Kf4 Rc2 52. g3
Rf2+ 53. Kg4 Rd2 54. b4 Rd4+ 55. Kh5 Rd3 56. Kh4 Rd4+ 57. g4 Rd3 58. Rb6 h5 59.
g5 f6 60. Rxf6 Rd4+ 61. Kxh5 Rxb4 62. Ra6 Rb7 63. f6+ Kf8 64. Kg6 Rb8 65. h4
Kg8 66. h5 Kh8 67. Ra7 Kg8 68. h6 Kh8 69. Rh7+ Kg8 70. f7+ Kf8 71. Rh8+ Ke7 72.
Rxb8 Kd7 73. h7 Ke6 74. h8=Q Kd6 75. f8=Q+ Kd5 76. Qhg8+ Kc6 77. Qc4+ Kd7 78.
Qd8# 1-0

[Event "East Lansing (Class DE/2/2)"]
[Site "?"]
[Date "1995.??.??"]
[Round "?"]
[White "Sansone, W."]
[Black "Worley, Ron"]
[Result "0-1"]
[WhiteElo "1605"]
[BlackElo "1605"]
[PlyCount "102"]
[EventDate "1995.??.??"]

{2/(2)} 1. d4 Nf6 2. c4 g6 3. Nc3 Bg7 4. e4 d6 5. Nf3 O-O 6. Be2 Bg4 7. O-O
Nbd7 8. Be3 c5 9. Qd2 cxd4 10. Nxd4 Bxe2 11. Ndxe2 Re8 12. f4 Nc5 13. Ng3 Ng4
14. f5 Nxe3 15. Qxe3 Qc7 16. fxg6 hxg6 17. Rf3 Ne6 18. Nge2 Qxc4 19. Kh1 Nd4
20. Nxd4 Bxd4 21. Qd2 Bxc3 22. Qxc3 Qxe4 23. Re1 Qc6 24. Qd2 Kg7 25. Rh3 Rh8
26. Rxh8 Rxh8 27. Rxe7 Re8 28. Rxe8 Qxe8 29. Qd4+ Qe5 30. Qxe5+ dxe5 31. Kg1 f5
32. Kf2 e4 33. Ke3 Kf6 34. g3 g5 35. Kd4 Kg6 36. g4 Kf6 37. h3 Ke6 38. b3 b6
39. b4 b5 40. a3 a6 41. gxf5+ Kxf5 42. Ke3 Ke5 43. Ke2 Kf4 44. Kf2 e3+ 45. Ke2
Ke4 46. Ke1 Kf3 47. Kf1 e2+ 48. Ke1 Ke3 49. h4 g4 50. a4 g3 51. a5 g2 0-1

[Event "East Lansing (Class DE/5/15)"]
[Site "?"]
[Date "1995.??.??"]
[Round "?"]
[White "Sansone, W."]
[Black "Belill, Nathan"]
[Result "0-1"]
[WhiteElo "1605"]
[BlackElo "1605"]
[PlyCount "86"]
[EventDate "1995.??.??"]

{5/(15)} 1. d4 Nf6 2. c4 g6 3. Nc3 Bg7 4. e4 d6 5. Be2 O-O 6. Nf3 c5 7. O-O
Nbd7 8. h3 cxd4 9. Nxd4 Nc5 10. Qc2 Nfxe4 11. Nxe4 Bxd4 12. Nxc5 dxc5 13. Bh6
Bg7 14. Rad1 Bf5 15. Rxd8 Bxc2 16. Rxf8+ Bxf8 17. Bxf8 Kxf8 18. Bf3 Rb8 19. Re1
b5 20. Rc1 Bd3 21. cxb5 Rxb5 22. b3 Ra5 23. Ra1 c4 24. b4 Rb5 25. Bc6 Rxb4 26.
a4 Rb6 27. Bb5 a6 28. Bd7 e6 29. a5 Rb7 30. Ba4 c3 31. Rc1 Rb1 32. Rxb1 Bxb1
33. Kf1 c2 34. Bxc2 Bxc2 35. Ke2 Ke7 36. Ke3 Ba4 37. Kd4 Kd6 38. Kc4 Ke5 39. g3
Ke4 40. f4 Kf3 41. Kd4 f6 42. h4 Kxg3 43. Ke3 Kxh4 0-1

[Event "East Lansing (Class DE/1/20)"]
[Site "?"]
[Date "1995.??.??"]
[Round "?"]
[White "Sansone, W."]
[Black "Adamson, R."]
[Result "1-0"]
[WhiteElo "1605"]
[BlackElo "1605"]
[PlyCount "71"]
[EventDate "1995.??.??"]

{1/(20)} 1. d4 Nc6 2. c4 Nf6 3. Nc3 e5 4. dxe5 Nxe5 5. e3 Bb4 6. Bd2 c6 7. Nf3
Nfg4 8. Be2 Bd6 9. O-O Nxf3+ 10. Bxf3 Bxh2+ 11. Kh1 Qh4 12. Bxg4 Be5+ 13. Bh3
d5 14. Qf3 Bxh3 15. Qxh3 Qxc4 16. Rac1 Rd8 17. Kg1 d4 18. exd4 Rxd4 19. Be3 Rd6
20. Rfd1 Rxd1+ 21. Rxd1 O-O 22. g3 Re8 23. Qf1 Qb4 24. Qd3 h6 25. Qc2 Bxg3 26.
fxg3 Rxe3 27. Rd8+ Qf8 28. Rxf8+ Kxf8 29. Kf2 Re5 30. Ne4 Rh5 31. Qd3 g6 32.
Qd8+ Kg7 33. Qf6+ Kh7 34. Qxf7+ Kh8 35. Qf8+ Kh7 36. Nf6# 1-0

[Event "Detroit (MI Action/6/3)"]
[Site "?"]
[Date "1995.??.??"]
[Round "?"]
[White "Sanborn, Richard"]
[Black "Skidmore, Mike"]
[Result "1-0"]
[WhiteElo "1800"]
[BlackElo "1935"]
[PlyCount "46"]
[EventDate "1995.??.??"]

{6/(3)} 1. e4 c6 2. d4 d5 3. Nc3 dxe4 4. Nxe4 Nd7 5. Nf3 Ngf6 6. Ng3 e6 7. Bc4
Bd6 8. O-O Qc7 9. Ng5 Nb6 10. Bd3 h6 11. Nf3 Nbd5 12. c4 Bxg3 13. fxg3 Ne7 14.
Ne5 Qd8 15. Bc2 b6 16. Bf4 Bb7 17. g4 c5 18. dxc5 bxc5 19. Ba4+ Kf8 20. Qe2
Qd4+ 21. Kh1 Qe4 22. Qf2 Rd8 23. Rad1 Rd4 1-0

[Event "Detroit (MI Action/4/3)"]
[Site "?"]
[Date "1995.??.??"]
[Round "?"]
[White "Sanborn, Richard"]
[Black "Gabbara, Faris"]
[Result "0-1"]
[WhiteElo "1800"]
[BlackElo "2200"]
[PlyCount "68"]
[EventDate "1995.??.??"]

{4/(3)} 1. e4 e5 2. Nf3 Nf6 3. Nxe5 d6 4. Nf3 Nxe4 5. d4 d5 6. Bd3 Nc6 7. c3
Bg4 8. h3 Bh5 9. g4 Bg6 10. Bf4 Bd6 11. Bxd6 Qxd6 12. Qc2 O-O-O 13. Na3 Qf4 14.
Nh4 Rhe8 15. O-O Ng5 16. Kg2 Be4+ 17. Bxe4 Rxe4 18. f3 Re3 19. Qf5+ Qxf5 20.
Nxf5 Re2+ 21. Rf2 Rxf2+ 22. Kxf2 g6 23. Nh6 Nxh3+ 24. Kg3 Ng5 25. Re1 Kd7 26.
Nb1 f6 27. Nd2 Re8 28. Rxe8 Kxe8 29. f4 Ne6 30. Nf3 Na5 31. g5 f5 32. Ng8 c6
33. Nf6+ Kf7 34. Nxh7 Nc4 0-1

[Event "Detroit (MI Action/2/6)"]
[Site "?"]
[Date "1995.??.??"]
[Round "?"]
[White "Sanborn, Richard"]
[Black "Aldrich, Justin"]
[Result "1-0"]
[WhiteElo "1800"]
[BlackElo "1605"]
[PlyCount "32"]
[EventDate "1995.??.??"]

{2/(6)} 1. e4 e5 2. Nf3 d6 3. d4 exd4 4. Nxd4 Nf6 5. Nc3 Bd7 6. Bc4 Nc6 7. O-O
Be7 8. a3 O-O 9. h3 h6 10. f4 Nxd4 11. Qxd4 Bc6 12. Be3 Nd7 13. Rae1 Bf6 14.
Qd2 Nc5 15. Bd4 Bxd4+ 16. Qxd4 Ne6 1-0

[Event "East Lansing (Class C/4/13)"]
[Site "?"]
[Date "1995.??.??"]
[Round "?"]
[White "Salami, Samer"]
[Black "Bloch, Hermann"]
[Result "1-0"]
[WhiteElo "1605"]
[BlackElo "1605"]
[PlyCount "101"]
[EventDate "1995.??.??"]

{4/(13)} 1. e4 c5 2. Nf3 d6 3. d4 cxd4 4. Nxd4 Nc6 5. Bb5 Bd7 6. Be3 Nf6 7. Nc3
a6 8. Bd3 g6 9. Qd2 Ne5 10. f4 Nxd3+ 11. Qxd3 Bg7 12. h3 Nh5 13. Bd2 Bxd4 14.
Qxd4 O-O 15. g4 Ng7 16. f5 Bc6 17. Rg1 e5 18. fxe6 Qh4+ 19. Kd1 Qxh3 20. e7
Rfe8 21. Qf6 Bd7 22. Ne2 Bxg4 23. Rxg4 Qxg4 24. Bh6 Nh5 25. Qxd6 Qe6 26. Qxe6
fxe6 27. Bf8 Rac8 28. Nd4 Nf4 29. Kd2 e5 30. Nf3 Ne6 31. Nxe5 Nxf8 32. exf8=Q+
Rxf8 33. Ng4 Rcd8+ 34. Ke3 Rc8 35. c3 Rc6 36. Rd1 Rb6 37. b3 Rb5 38. Rd7 Rf7
39. Nh6+ Kf8 40. Rxf7+ Ke8 41. Rxh7 Rh5 42. Rh8+ Kd7 43. Nf7 Rxh8 44. Nxh8 g5
45. Nf7 g4 46. Kf4 Ke7 47. Ne5 g3 48. Kxg3 Ke6 49. Kf4 b6 50. Nd3 a5 51. a4 1-0

[Event "East Lansing (MOR/5/32)"]
[Site "?"]
[Date "1995.??.??"]
[Round "?"]
[White "Saenz, Scott"]
[Black "Sundeen, David"]
[Result "1-0"]
[WhiteElo "1605"]
[BlackElo "1710"]
[PlyCount "101"]
[EventDate "1995.??.??"]

{5/(32)} 1. d4 Nf6 2. c4 c5 3. d5 e6 4. Nc3 exd5 5. cxd5 d6 6. e4 g6 7. Bg5 Bg7
8. Bd3 O-O 9. h3 a6 10. a4 Nbd7 11. Nge2 Ne5 12. O-O Nxd3 13. Qxd3 Qc7 14. b3
Bd7 15. f4 b5 16. axb5 axb5 17. Nxb5 Bxb5 18. Qxb5 Nxe4 19. Rxa8 Rxa8 20. Bh4
Nf6 21. Nc3 Rb8 22. Qa4 Qb7 23. Re1 Qxb3 24. Qxb3 Rxb3 25. Bxf6 Bxf6 26. Ne4
Bd4+ 27. Kh1 Rb6 28. Ng5 h6 29. Re8+ Kg7 30. Ne4 f5 31. Nd2 Bf6 32. Nc4 g5 33.
Nxb6 gxf4 34. Nc8 Be5 35. Re6 Bd4 36. Rxd6 h5 37. Rc6 Kf7 38. Re6 Be3 39. Re7+
Kf6 40. d6 c4 41. d7 Bb6 42. Re2 Ba5 43. Nd6 c3 44. Nb5 c2 45. Re1 Kf7 46. Nd6+
Kg6 47. Rc1 Kf6 48. Rxc2 Ke7 49. Nb7 Bd8 50. Nxd8 Kxd8 51. Rd2 1-0

[Event "East Lansing (MOR/3/31)"]
[Site "?"]
[Date "1995.??.??"]
[Round "?"]
[White "Saenz, Scott"]
[Black "Spencer, Gordon"]
[Result "1-0"]
[WhiteElo "1605"]
[BlackElo "1605"]
[PlyCount "109"]
[EventDate "1995.??.??"]

{3/(31)} 1. d4 Nf6 2. c4 d6 3. Nc3 g6 4. e4 Bg7 5. Bg5 O-O 6. Bd3 c6 7. Nge2 h6
8. Bxf6 Bxf6 9. h3 Bg7 10. O-O Nd7 11. f4 e5 12. fxe5 dxe5 13. d5 c5 14. Ng3
Nf6 15. Rf3 Nh7 16. Be2 h5 17. Rd3 Ng5 18. Bxh5 Bxh3 19. Qe2 Bd7 20. Rf1 Qe8
21. d6 Be6 22. b3 Nh7 23. Bg4 Nf6 24. Bxe6 Qxe6 25. Nb5 Qd7 26. Nc7 Rad8 27.
Rff3 Ne8 28. Qf2 Nxc7 29. dxc7 Qxc7 30. Rd5 Rxd5 31. exd5 b6 32. Ne4 f5 33. Ng5
Qe7 34. Qh4 Bf6 35. d6 Qd7 36. Qh6 Bxg5 37. Qxg6+ Qg7 38. Qe6+ Kh8 39. Rh3+ Qh7
40. Rxh7+ Kxh7 41. Qxe5 Kg6 42. d7 Bf6 43. Qe6 Kg5 44. Kh2 Rh8+ 45. Kg1 Bd4+
46. Kf1 Rh1+ 47. Ke2 Bf6 48. Qxf6+ Kxf6 49. d8=Q+ Ke6 50. Qd5+ Kf6 51. Qd6+ Kg5
52. Qd5 Ra1 53. Qg8+ Kf4 54. g3+ Ke4 55. Qe6+ 1-0

[Event "Detroit (CMS Jun/1/3/3)"]
[Site "?"]
[Date "1995.??.??"]
[Round "?"]
[White "Saenz, Scott"]
[Black "Shelton, Harold"]
[Result "1-0"]
[WhiteElo "1605"]
[BlackElo "1605"]
[PlyCount "55"]
[EventDate "1995.??.??"]

{1/3} 1. d4 d5 2. c4 e6 3. Nc3 Nf6 4. Bg5 Nc6 5. Nf3 h6 6. Bh4 Bd6 7. e3 O-O 8.
Bd3 b6 9. Qc2 Ba6 10. b3 g5 11. Bg3 Bb4 12. O-O Bxc3 13. Qxc3 Rb8 14. Qc2 Re8
15. h4 Nb4 16. Qc3 Nxd3 17. Qxd3 b5 18. Qc2 dxc4 19. bxc4 bxc4 20. Ne5 Bb5 21.
Nxc4 Qd5 22. Rfc1 Ne4 23. Be5 gxh4 24. f3 Ng3 25. Bxg3 hxg3 26. Ne5 f6 27. Qg6+
Kh8 28. Nf7# 1-0

[Event "Detroit (CMS Jun/3/3/3)"]
[Site "?"]
[Date "1995.??.??"]
[Round "?"]
[White "Saenz, Scott"]
[Black "Parker, Dea"]
[Result "1-0"]
[WhiteElo "1605"]
[BlackElo "1605"]
[PlyCount "45"]
[EventDate "1995.??.??"]

{3/3} 1. d4 e6 2. c4 Nf6 3. Nc3 Be7 4. Bg5 Nc6 5. Nf3 O-O 6. e3 d5 7. Bd3 Qd6
8. a3 a6 9. O-O e5 10. cxd5 Nxd5 11. Nxd5 Qxd5 12. Bxe7 Nxe7 13. dxe5 Nc6 14.
Bxh7+ Kxh7 15. Qxd5 Be6 16. Ng5+ Kg8 17. Nxe6 fxe6 18. Qxe6+ Rf7 19. Rad1 Nd4
20. Rxd4 Rd8 21. Rxd8+ Kh7 22. Qxf7 a5 23. Qh5# 1-0

[Event "Detroit (WCO/2/16)"]
[Site "?"]
[Date "1995.??.??"]
[Round "?"]
[White "Saenz, Scott"]
[Black "Davis, T."]
[Result "1-0"]
[WhiteElo "1605"]
[BlackElo "1605"]
[PlyCount "46"]
[EventDate "1995.??.??"]

{2/(16)} 1. d4 f5 2. c4 Nf6 3. Nc3 g6 4. Bg5 Bg7 5. Nf3 b6 6. e3 Bb7 7. Bd3 c5
8. O-O cxd4 9. Nxd4 d6 10. Ne6 Bf8 11. Nxd8 Kxd8 12. Re1 Nc6 13. e4 e6 14.
Bxf6+ Ke8 15. Bxh8 Kf7 16. exf5 Ne7 17. fxe6+ Kg8 18. Bf6 Re8 19. Be4 Ba6 20.
Nd5 Bxc4 21. Nxe7+ Bxe7 22. Bxe7 Rxe7 23. Qxd6 Rxe6 1-0

[Event "East Lansing (MOR/7/27)"]
[Site "?"]
[Date "1995.??.??"]
[Round "?"]
[White "Saenz, Scott"]
[Black "Alliston, Richard"]
[Result "1/2-1/2"]
[WhiteElo "1605"]
[BlackElo "1605"]
[PlyCount "123"]
[EventDate "1995.??.??"]

{7/(27)} 1. d4 d5 2. c4 e6 3. Nc3 Nf6 4. Bg5 Nbd7 5. e3 Be7 6. Bd3 dxc4 7. Bxc4
a6 8. Nf3 O-O 9. O-O b5 10. Bd3 Bb7 11. a3 Rc8 12. b4 Re8 13. Qc2 g6 14. Bh6
Bxf3 15. gxf3 Bd6 16. f4 Ng4 17. Bg5 Be7 18. Bxe7 Qxe7 19. h3 Nh6 20. e4 Qh4
21. Kg2 Qxf4 22. Ne2 Qf6 23. e5 Qe7 24. Rac1 Nf5 25. Bxf5 exf5 26. Qc6 Qe6 27.
Qxe6 Rxe6 28. Nf4 Ree8 29. Nd5 c6 30. Nf6+ Nxf6 31. exf6 Re6 32. Rfe1 Rce8 33.
Rxe6 fxe6 34. Rxc6 Kf7 35. Rxa6 Rb8 36. Ra7+ Kxf6 37. Rxh7 Ra8 38. Rb7 Rxa3 39.
Rxb5 Rd3 40. Rb8 Rxd4 41. b5 Rb4 42. b6 Ke5 43. b7 g5 44. f3 Kf4 45. Kf2 Rb2+
46. Kg1 Kg3 47. Kf1 Kxf3 48. Kg1 e5 49. Rf8 Rxb7 50. Rxf5+ Ke4 51. Rxg5 Rf7 52.
Rg2 Rf4 53. Kh2 Ke3 54. Rg3+ Rf3 55. h4 Rxg3 56. Kxg3 e4 57. h5 Kd2 58. h6 e3
59. h7 e2 60. h8=Q e1=Q+ 61. Kf3 Qf1+ 62. Ke4 1/2-1/2

[Event "Gaylord (NMO/1/10)"]
[Site "?"]
[Date "1995.??.??"]
[Round "?"]
[White "Ryskamp, John"]
[Black "Johnston, R."]
[Result "0-1"]
[WhiteElo "1605"]
[BlackElo "1725"]
[PlyCount "34"]
[EventDate "1995.??.??"]

{1/(10)} 1. e4 c5 2. Nf3 Nc6 3. d4 cxd4 4. Nxd4 d6 5. Nc3 Nf6 6. Be3 Ng4 7.
Nxc6 bxc6 8. Qd2 Nxe3 9. Qxe3 Qa5 10. O-O-O g6 11. Bc4 Bg7 12. Rd3 Rb8 13. Kb1
O-O 14. f4 Rb6 15. Rhd1 Ba6 16. a3 Rfb8 17. Ka2 Rxb2+ 0-1

[Event "East Lansing (MOR/6/29)"]
[Site "?"]
[Date "1995.??.??"]
[Round "?"]
[White "Ryskamp, John"]
[Black "Grzegorczyk, Ron"]
[Result "0-1"]
[WhiteElo "1605"]
[BlackElo "1605"]
[PlyCount "56"]
[EventDate "1995.??.??"]

{6/(29)} 1. e4 c5 2. Nc3 Nc6 3. g3 Nf6 4. Bg2 e5 5. d3 d6 6. Be3 g6 7. Nh3 Bg7
8. f4 Ng4 9. Qd2 Ne7 10. O-O-O Be6 11. Rde1 a6 12. Ng5 Bd7 13. Nf3 Nxe3 14.
Rxe3 O-O 15. h4 Rb8 16. h5 b5 17. hxg6 fxg6 18. b3 exf4 19. gxf4 Rxf4 20. Ne2
Rf8 21. Bh3 Bxh3 22. Rxh3 b4 23. Ng5 Nc6 24. Ref3 Rxf3 25. Rxf3 Bh6 26. Rg3 Qf6
27. Kb1 Bg7 28. Qc1 Qa1# 0-1

[Event "Gaylord (NMO/3/18)"]
[Site "?"]
[Date "1995.??.??"]
[Round "?"]
[White "Ryskamp, John"]
[Black "Gatesy, Matthew"]
[Result "1-0"]
[WhiteElo "1605"]
[BlackElo "1605"]
[PlyCount "47"]
[EventDate "1995.??.??"]

{3/(18)} 1. e4 e5 2. Nf3 Nc6 3. Bb5 a6 4. Ba4 Nf6 5. O-O Nxe4 6. d4 Nxd4 7.
Nxd4 exd4 8. Re1 Qh4 9. Qxd4 Be7 10. Rxe4 Qh5 11. Nc3 b5 12. Bb3 d6 13. Qxg7
Bb7 14. Qxh8+ Kd7 15. Rxe7+ Kxe7 16. Qd4 Qg6 17. Nd5+ Kd7 18. Bf4 Rg8 19. Bg3
Qe6 20. Nf6+ Qxf6 21. Qxf6 Re8 22. Qxf7+ Re7 23. Be6+ Kc6 24. Qxe7 1-0

[Event "East Lansing (MOR/2/32)"]
[Site "?"]
[Date "1995.??.??"]
[Round "?"]
[White "Ryskamp, John"]
[Black "Falkowski, Kenneth"]
[Result "0-1"]
[WhiteElo "1605"]
[BlackElo "1735"]
[PlyCount "116"]
[EventDate "1995.??.??"]

{2/(32)} 1. e4 d6 2. d4 c6 3. Nc3 Nf6 4. Nf3 Bg4 5. Be3 Nbd7 6. Be2 Bh5 7. h3
Bg6 8. Bd3 e5 9. dxe5 dxe5 10. a3 Bc5 11. Qe2 O-O 12. Rd1 Qb6 13. Bxc5 Qxc5 14.
O-O Rad8 15. Rd2 b5 16. Rfd1 Nh5 17. Bxb5 Nf4 18. Qc4 Qe7 19. Bxc6 Nb6 20. Qb5
Rxd2 21. Rxd2 f6 22. Nd5 Nbxd5 23. Bxd5+ Kh8 24. Bc6 Rd8 25. Rxd8+ Qxd8 26. Qb7
Qd1+ 27. Kh2 h6 28. Qa8+ Kh7 29. Bd5 Nxd5 30. Qxd5 Qxc2 31. Nd2 Qxb2 32. Qa5
Qd4 33. f3 Bf7 34. Qb4 Qe3 35. a4 a6 36. a5 Be8 37. Nb1 Bb5 38. Nc3 Bf1 39. Qb2
h5 40. Nd5 Qe2 41. Qxe2 Bxe2 42. h4 Kg8 43. Kg3 Kf7 44. Kf2 Bb5 45. Ke3 Ke6 46.
Nb4 Kd6 47. Kd2 Kc5 48. Kc3 Bf1 49. Kb3 Kb5 50. Nd5 Bxg2 51. f4 Bxe4 52. Nc3+
Kxa5 53. Nxe4 exf4 54. Ka3 f3 55. Nf2 g5 56. hxg5 fxg5 57. Kb3 g4 58. Kc3 g3
0-1

[Event "Gaylord (NMO/4/15)"]
[Site "?"]
[Date "1995.??.??"]
[Round "?"]
[White "Ryskamp, John"]
[Black "Falkner, J."]
[Result "1-0"]
[WhiteElo "1605"]
[BlackElo "1605"]
[PlyCount "49"]
[EventDate "1995.??.??"]

{4/(15)} 1. e4 e6 2. d4 d5 3. e5 Nd7 4. Nf3 c5 5. c3 f6 6. Be2 fxe5 7. dxe5 Ne7
8. Bg5 h6 9. Bh4 g5 10. Nxg5 Nxe5 11. Bh5+ Nf7 12. Nxf7 Qc7 13. Nxh8+ Kd7 14.
Bxe7 Bxe7 15. O-O Qe5 16. Ng6 Qg5 17. Nxe7 Kxe7 18. Re1 e5 19. Qxd5 Be6 20.
Qxe5 Qxe5 21. Rxe5 Rd8 22. Na3 Kf6 23. Rae1 Bd5 24. b3 Rg8 25. Rxd5 1-0

[Event "East Lansing (MOR/4/41)"]
[Site "?"]
[Date "1995.??.??"]
[Round "?"]
[White "Ryskamp, John"]
[Black "Evans Sr., Thomas"]
[Result "0-1"]
[WhiteElo "1605"]
[BlackElo "1605"]
[PlyCount "92"]
[EventDate "1995.??.??"]

{4/(41)} 1. e4 e5 2. Nf3 Nc6 3. Bb5 Nf6 4. O-O Nxe4 5. d4 Bd6 6. Bxc6 bxc6 7.
Nxe5 Bxe5 8. dxe5 O-O 9. Re1 Ng5 10. Nd2 d6 11. f4 Ne6 12. Nf3 Bb7 13. Be3 c5
14. a4 Bxf3 15. Qxf3 Nd4 16. Bxd4 cxd4 17. Rad1 c5 18. Qd5 dxe5 19. Rxe5 Qxd5
20. Rxd5 Rac8 21. Re1 Rfd8 22. Rde5 Kf8 23. Rd1 Re8 24. Rde1 f6 25. Rxe8+ Rxe8
26. Rxe8+ Kxe8 27. Kf2 Ke7 28. Kf3 Ke6 29. h3 Kd5 30. b3 c4 31. bxc4+ Kxc4 32.
Ke4 g6 33. g4 a5 34. h4 Kc3 35. Kd5 Kxc2 36. Kxd4 Kb3 37. Kd3 Kxa4 38. Kc2 Kb4
39. Kb2 a4 40. f5 gxf5 41. gxf5 h5 42. Ka2 a3 43. Ka1 Kb3 44. Kb1 a2+ 45. Ka1
Kc3 46. Kxa2 Kd4 {0-1. ??} 0-1

[Event "Lansing (Mini-Swiss.2/3)"]
[Site "?"]
[Date "1995.??.??"]
[Round "?"]
[White "Ryskamp, John"]
[Black "Asbury, Victor"]
[Result "0-1"]
[WhiteElo "1605"]
[BlackElo "1605"]
[PlyCount "58"]
[EventDate "1995.??.??"]

{2/(3)} 1. e4 c5 2. Nc3 Nc6 3. g3 g6 4. Bg2 Bg7 5. d3 Nf6 6. f4 O-O 7. e5 Ne8
8. Nf3 a6 9. Qe2 d6 10. h4 Bg4 11. exd6 Nxd6 12. Be3 Nf5 13. Qf2 Nxe3 14. Qxe3
Bxf3 15. Bxf3 Nd4 16. O-O-O Nxf3 17. Qxf3 Bxc3 18. bxc3 Qa5 19. Kb2 b5 20. Qe4
b4 21. cxb4 Rab8 22. Ka1 Rxb4 23. Qe1 Qa3 24. Rb1 Rfb8 25. Rb3 Rxb3 26. cxb3
Rxb3 27. Qe2 Rxd3 28. Qc2 Rxg3 29. Qxc5 Qxc5 0-1

[Event "Troy (TCC/2/9)"]
[Site "?"]
[Date "1995.??.??"]
[Round "?"]
[White "Rutkofske, Lonnie"]
[Black "Zaremba, Andrei"]
[Result "0-1"]
[WhiteElo "1915"]
[BlackElo "1990"]
[PlyCount "76"]
[EventDate "1995.??.??"]

{2/(9)} 1. c4 g6 2. Nc3 Bg7 3. g3 c5 4. Bg2 Nf6 5. e4 Nc6 6. Nge2 d6 7. h3 O-O
8. O-O Nd4 9. d3 Bd7 10. Kh2 Qc8 11. Nxd4 cxd4 12. Ne2 e5 13. b4 b5 14. cxb5
Bxb5 15. a4 Qa6 16. Qb3 Bd7 17. Bd2 Be6 18. Qa3 d5 19. b5 Qb7 20. f3 dxe4 21.
fxe4 Nh5 22. Rac1 Qd7 23. Rc6 Rac8 24. Rfc1 f5 25. Bb4 Rfe8 26. exf5 gxf5 27.
Rd6 Qf7 28. Bc6 f4 29. gxf4 exf4 30. Nxd4 Bxd4 31. Rxd4 Qf5 32. Rg1+ Kh8 33.
Rg4 Nf6 34. Rh4 Qg5 35. Rdxf4 Rxc6 36. bxc6 Rg8 37. Rhg4 Bxg4 38. Bd6 Bxh3 0-1

[Event "Troy (US Am N/6/4)"]
[Site "?"]
[Date "1995.??.??"]
[Round "?"]
[White "Rutkofske, Lonnie"]
[Black "Yahkind, Alex"]
[Result "1/2-1/2"]
[WhiteElo "1915"]
[BlackElo "2080"]
[PlyCount "37"]
[EventDate "1995.??.??"]

{6/(4)} 1. c4 e5 2. Nc3 Nf6 3. d3 d5 4. cxd5 Nxd5 5. Nf3 Nc6 6. Qb3 Nxc3 7.
bxc3 Be7 8. e4 O-O 9. Be2 Rb8 10. O-O Be6 11. Qc2 b5 12. Bd2 a5 13. Rab1 b4 14.
cxb4 Nxb4 15. Bxb4 axb4 16. Nxe5 Rb6 17. Nc6 Rxc6 18. Qxc6 Bxa2 19. Rxb4
1/2-1/2

[Event "Troy (TCC/1/6)"]
[Site "?"]
[Date "1995.??.??"]
[Round "?"]
[White "Rutkofske, Lonnie"]
[Black "Small, L."]
[Result "0-1"]
[WhiteElo "1915"]
[BlackElo "2060"]
[PlyCount "58"]
[EventDate "1995.??.??"]

{1/(6)} 1. c4 Nf6 2. Nc3 e6 3. g3 d5 4. Bg2 c5 5. Qb3 dxc4 6. Qxc4 a6 7. e3 Qc7
8. Nge2 b5 9. Qh4 Bb7 10. O-O Bxg2 11. Kxg2 Nc6 12. d4 Be7 13. Ne4 cxd4 14.
exd4 O-O 15. Nc5 Nxd4 16. Qxd4 Bxc5 17. Qh4 Qe5 18. Nc3 b4 19. Bf4 Qf5 20. Nd1
Qd5+ 21. f3 Qd3 22. Nf2 Qe2 23. Qg5 Rac8 24. Be5 h6 25. Qf4 Nd5 26. Qe4 Ne3+
27. Kh3 f5 28. Qd3 Qxf3 29. Qd7 Qh5# 0-1

[Event "Troy (US Am N/1/21)"]
[Site "?"]
[Date "1995.??.??"]
[Round "?"]
[White "Rutkofske, Lonnie"]
[Black "Silveri, Marco"]
[Result "1-0"]
[WhiteElo "1915"]
[BlackElo "1605"]
[PlyCount "69"]
[EventDate "1995.??.??"]

{1/(21)} 1. e4 c5 2. c4 d6 3. Nc3 Nf6 4. g3 g6 5. Bg2 Bg7 6. Nge2 O-O 7. O-O a6
8. Rb1 Bg4 9. h3 Bxe2 10. Nxe2 Qc7 11. a3 Nfd7 12. d3 Nc6 13. Bd2 b5 14. f4
Rab8 15. cxb5 axb5 16. Bc3 f6 17. b4 Qa7 18. Kh2 Nd4 19. Nxd4 cxd4 20. Qb3+ Kh8
21. Bb2 Nb6 22. Bxd4 Qa6 23. Rfc1 e5 24. Bg1 Rfc8 25. fxe5 dxe5 26. h4 Nd7 27.
Bh3 Rd8 28. Rc7 Qd6 29. Rbc1 Nf8 30. Qf7 Bh6 31. R1c6 Qxd3 32. Qxf6+ Kg8 33.
Be6+ Nxe6 34. Qf7+ Kh8 35. Qxh7# 1-0

[Event "Troy (TCC/5/7)"]
[Site "?"]
[Date "1995.??.??"]
[Round "?"]
[White "Rutkofske, Lonnie"]
[Black "Rajlich, Vasik"]
[Result "0-1"]
[WhiteElo "1915"]
[BlackElo "2220"]
[PlyCount "56"]
[EventDate "1995.??.??"]

{5/(7)} 1. e4 c5 2. c4 Nc6 3. Nc3 g6 4. g3 Bg7 5. Bg2 e6 6. Nge2 Nge7 7. O-O
O-O 8. d3 a6 9. Be3 Nd4 10. Rb1 Nec6 11. f4 d6 12. h3 Rb8 13. Kh2 b5 14. Bf2
bxc4 15. dxc4 Rb4 16. a3 Rb7 17. e5 dxe5 18. Nxd4 Nxd4 19. Bxb7 Bxb7 20. Bxd4
cxd4 21. Na4 Qc7 22. fxe5 Bxe5 23. Rg1 f5 24. h4 f4 25. Qg4 fxg3+ 26. Kh3 Rf2
27. Qxe6+ Kg7 28. Nb6 Rh2+ 0-1